书目信息 |
| 题名: |
西非诸国(一):毛里塔尼亚、马里、塞内加尔、冈比亚、佛得角、几内亚比绍
|
|
| 作者: | 王启文 编著 | |
| 分册: | ||
| 出版信息: | 北京 军事谊文出版社 1996.3 |
|
| 页数: | 198页 | |
| 开本: | 19cm | |
| 丛书名: | 世界各国知识丛书.非洲卷 | |
| 单 册: | ||
| 中图分类: | Z1 | |
| 科图分类: | ||
| 主题词: | 丛书 | |
| 电子资源: | ||
| ISBN: | 7-80027-651-1 | |
| 000 | 00622nam0 2200217 45 | |
| 001 | 0004171516 | |
| 005 | 20040519091714.7 | |
| 010 | @a7-80027-651-1@dCNY56 | |
| 100 | @a20000417d1996 km y0chiy0120 ea | |
| 101 | @achi | |
| 105 | @a z 000yy | |
| 200 | 1 | @a西非诸国(一):毛里塔尼亚、马里、塞内加尔、冈比亚、佛得角、几内亚比绍@f王启文等编著 |
| 210 | @a北京@c军事谊文出版社@d1996.3 | |
| 215 | @a198页@d19cm | |
| 225 | @a世界各国知识丛书.非洲卷 | |
| 410 | @12001 @a世界各国知识丛书.非洲卷 | |
| 606 | 0 | @a丛书 |
| 690 | @aZ1@v1 | |
| 701 | @a王启文@4编著 | |
| 801 | @aCN@bTSTC@c20000417 | |
| 905 | @dZ1@e56:2(1)@f1@b287739 | |
| 西非诸国(一):毛里塔尼亚、马里、塞内加尔、冈比亚、佛得角、几内亚比绍/王启文等编著.-北京:军事谊文出版社,1996.3 |
| 198页;19cm.-(世界各国知识丛书.非洲卷) |
| ISBN 7-80027-651-1:CNY56 |
| ● |
| 相关链接 |
|
|
|
|
正题名:西非诸国(一):毛里塔尼亚、马里、塞内加尔、冈比亚、佛得角、几内亚比绍
索取号:Z1/56:2(1)
 
预约/预借
| 序号 | 登录号 | 条形码 | 馆藏地/架位号 | 状态 | 备注 |
| 1 | 0287738 | 002877382 | 第三借阅区/ [索取号:Z1/56:2(1)] | 在馆 | |
| 2 | 0287739 | 002877391 | 第三借阅区/ [索取号:Z1/56:2(1)] | 在馆 | |
| 3 | 0287740 | 002877408 | 第二样本阅览室/ [索取号:Z1/56:2(1)] | 在馆 |